000 00550nam a22001817a 4500
003 BD-DhUL
005 20190703155636.0
008 170821s1946 ii ||||| |||| 000 0 urd d
040 _aBD-DhUL
_cBD-DhUL
082 _a891.431
_bGAP
100 3 _aملک محمد جالسٔی۔
245 0 0 _aپدماوت بھاکھا /
_cملک محمد جالسٔی۔
246 _aPadmawat Baha Kaha.
260 _aلکھنو :
_bمنشی نولکشور،
_c۱۹۴۶۔
300 _aص۔ ۳۳۶ ؛
_c۲۴ سم۔
650 4 _aUrdu poetry.
942 _2ddc
_cBK
999 _c248597
_d248597